[Event "Druga liga CS - Istok 2018"]
[Site "Nis"]
[Date "2018.09.09"]
[Round "5.4"]
[White "Ristic, Nebojsa B"]
[Black "Dmitrovic, Tomislav"]
[Result "1-0"]
[WhiteElo "2336"]
[BlackElo "2268"]
[PlyCount "71"]
[EventDate "2018.09.07"]
[WhiteTeam "RADNIK - Surdulica"]
[BlackTeam "KURSUMLIJA - Kursumlija"]

1. d4 f5 2. Bf4 Nf6 3. Nf3 e6 4. e3 b6 5. h3 Bb7 6. Nbd2 Be7 7. Be2 O-O 8. O-O
d6 9. Bh2 Qe8 10. c4 Nbd7 11. b4 Kh8 12. Ng5 Qg6 13. Bf3 Ne4 14. Ngxe4 fxe4 15.
Bh5 Qh6 16. Bg4 Rad8 17. Qa4 a6 18. c5 dxc5 19. bxc5 Nxc5 20. Qc2 Nd3 21. Qxc7
Bb4 22. Qxb7 Bxd2 23. Bg3 Qg6 24. Rad1 Ba5 25. Qxa6 h5 26. Be2 Nb4 27. Qc4 Nd5
28. Qb3 Rc8 29. Rc1 Rxc1 30. Rxc1 Bd2 31. Rc6 Rf5 32. Bc4 Bxe3 33. Bxd5 Qxg3
34. Qxe3 Qxe3 35. fxe3 exd5 36. Rxb6 1-0

[Event "Druga liga CS - Istok 2018"]
[Site "Nis"]
[Date "2018.09.09"]
[Round "5.4"]
[White "Terzic, Goran"]
[Black "Lazov, Toni **"]
[Result "1/2-1/2"]
[WhiteElo "2226"]
[BlackElo "2292"]
[PlyCount "36"]
[EventDate "2018.09.07"]
[WhiteTeam "KURSUMLIJA - Kursumlija"]
[BlackTeam "RADNIK - Surdulica"]

1. e4 c5 2. d3 Nc6 3. g3 g6 4. Bg2 e6 5. f4 d5 6. Nd2 Nge7 7. Ngf3 Bg7 8. O-O
O-O 9. c3 b6 10. Qe2 Ba6 11. e5 Qd7 12. Re1 Rae8 13. Nf1 Nc8 14. Bh3 Kh8 15.
Qd2 f6 16. d4 fxe5 17. dxe5 N8e7 18. b4 Rc8 1/2-1/2

[Event "Druga liga CS - Istok 2018"]
[Site "Nis"]
[Date "2018.09.09"]
[Round "5.4"]
[White "Banjovic, Sasa"]
[Black "Markovic, Marko"]
[Result "0-1"]
[WhiteElo "2143"]
[BlackElo "2204"]
[PlyCount "86"]
[EventDate "2018.09.07"]
[WhiteTeam "RADNIK - Surdulica"]
[BlackTeam "KURSUMLIJA - Kursumlija"]

1. d4 d5 2. c4 dxc4 3. e4 c5 4. Nf3 cxd4 5. Bxc4 Nc6 6. O-O e5 7. Bxf7+ Kxf7 8.
Ng5+ Ke8 9. Qb3 Qe7 10. f4 h6 11. Nf3 exf4 12. Bxf4 Qf7 13. Qxf7+ Kxf7 14. Ne5+
Nxe5 15. Bxe5+ Ke8 16. Bxd4 Be6 17. Nc3 a6 18. Nd5 Bxd5 19. exd5 Nf6 20. Rae1+
Kf7 21. Re6 Be7 22. Rb6 Rad8 23. Bxf6 Bxf6 24. Rxb7+ Kg6 25. Rd1 Rd6 26. b3 Rc8
27. Kf1 Rc5 28. Ra7 a5 29. a3 Rcxd5 30. Rxd5 Rxd5 31. Ke2 Rb5 32. a4 Rg5 33.
Kf3 Bc3 34. Ra6+ Kh7 35. g4 Bb4 36. Re6 Rc5 37. h4 Rc3+ 38. Ke4 Rxb3 39. g5
hxg5 40. hxg5 Rb1 41. Kf5 Rf1+ 42. Kg4 Bd2 43. Re5 Rf4+ 0-1

[Event "Druga liga CS - Istok 2018"]
[Site "Nis"]
[Date "2018.09.09"]
[Round "5.4"]
[White "Miljkovic, Mihajlo"]
[Black "Spasic, Petar **"]
[Result "0-1"]
[WhiteElo "2255"]
[BlackElo "2083"]
[PlyCount "85"]
[EventDate "2018.09.07"]
[WhiteTeam "KURSUMLIJA - Kursumlija"]
[BlackTeam "RADNIK - Surdulica"]

1. d4 f5 2. g3 Nf6 3. Bg2 e6 4. Nd2 c5 5. c3 d5 6. Nh3 Nc6 7. Nf3 Bd6 8. O-O
O-O 9. Bf4 Ne4 10. Bxd6 Qxd6 11. Qc1 b5 12. Qf4 Qxf4 13. Nxf4 c4 14. e3 Rb8 15.
a3 a5 16. Ne2 Bd7 17. Rfd1 b4 18. axb4 axb4 19. Nd2 bxc3 20. bxc3 Nxd2 21. Rxd2
Rb5 22. f3 Na5 23. Rda2 Nb3 24. Re1 Rfb8 25. e4 g5 26. exf5 exf5 27. f4 g4 28.
h3 Re8 29. Kf2 Be6 30. Nc1 Bf7 31. Rxe8+ Bxe8 32. Nxb3 cxb3 33. Rb2 Kg7 34. Ke3
gxh3 35. Bxh3 Kf6 36. Bg2 Ke6 37. Bf3 Rb8 38. Kd2 Ba4 39. Kc1 Rg8 40. Rg2 Bb5
41. g4 b2+ 42. Kxb2 Bd3 43. Be2 0-1

[Event "Druga liga CS - Istok 2018"]
[Site "Nis"]
[Date "2018.09.09"]
[Round "5.4"]
[White "Dimitrijevic, Zoran"]
[Black "Raicevic, Ivica"]
[Result "1/2-1/2"]
[WhiteElo "2129"]
[BlackElo "2146"]
[PlyCount "34"]
[EventDate "2018.09.07"]
[WhiteTeam "RADNIK - Surdulica"]
[BlackTeam "KURSUMLIJA - Kursumlija"]

1. d4 Nf6 2. Nf3 c5 3. c3 b6 4. g3 Bb7 5. Bg2 e6 6. O-O Be7 7. Re1 d5 8. Bg5
O-O 9. Nbd2 Nbd7 10. Rc1 h6 11. Bxf6 Bxf6 12. e4 dxe4 13. Nxe4 Be7 14. Ne5 Nxe5
15. dxe5 Qc7 16. f4 Rad8 17. Qg4 Kh8 1/2-1/2

[Event "Druga liga CS - Istok 2018"]
[Site "Nis"]
[Date "2018.09.09"]
[Round "5.4"]
[White "Stojiljkovic, Stefan **"]
[Black "Djordjevic, Miroslav"]
[Result "0-1"]
[WhiteElo "2146"]
[BlackElo "1975"]
[PlyCount "72"]
[EventDate "2018.09.07"]
[WhiteTeam "KURSUMLIJA - Kursumlija"]
[BlackTeam "RADNIK - Surdulica"]

1. e4 c6 2. d4 d5 3. Nd2 dxe4 4. Nxe4 Bf5 5. Qf3 Bxe4 6. Qxe4 Nf6 7. Qd3 Nbd7
8. Nf3 e6 9. Bd2 Be7 10. O-O-O c5 11. dxc5 Qc7 12. Nd4 O-O 13. c6 bxc6 14. Qh3
Nb6 15. g4 Rab8 16. Bd3 g6 17. Qf3 Na4 18. Qxc6 Nxb2 19. Bb5 Qxc6 20. Nxc6 Ba3
21. Nxb8 Rxb8 22. c4 Nxc4+ 23. Kc2 Nxd2 24. Rxd2 Rxb5 25. Rd8+ Kg7 26. Rd3 Rb2+
27. Kc1 Rb3+ 28. Kc2 Rxd3 29. Kxd3 Nxg4 30. Ke2 Bc5 31. f3 Nf6 32. Rb1 Nd5 33.
Rb3 g5 34. a4 a5 35. Kd3 Bb4 36. Kc4 f5 0-1

[Event "Druga liga CS - Istok 2018"]
[Site "Nis"]
[Date "2018.09.09"]
[Round "5.4"]
[White "Bulatovic, Nikola"]
[Black "Marjanovic, Miroslav"]
[Result "1/2-1/2"]
[WhiteElo "2047"]
[BlackElo "2106"]
[PlyCount "50"]
[EventDate "2018.09.07"]
[WhiteTeam "RADNIK - Surdulica"]
[BlackTeam "KURSUMLIJA - Kursumlija"]

1. e4 d6 2. d4 Nf6 3. Nc3 g6 4. f4 Bg7 5. Nf3 O-O 6. e5 dxe5 7. fxe5 Nd5 8. Bc4
c6 9. Nxd5 cxd5 10. Bd3 Nc6 11. c3 Qb6 12. Qe2 f6 13. exf6 Bxf6 14. Bh6 Re8 15.
Ne5 Nxe5 16. dxe5 Bh8 17. O-O-O Qe6 18. Bb5 Rd8 19. Rhf1 Bg7 20. Bxg7 Kxg7 21.
Rd4 a6 22. Bd3 Bd7 23. Qe3 Rf8 24. Rd1 Qf7 25. Be2 e6 1/2-1/2

[Event "Druga liga CS - Istok 2018"]
[Site "Nis"]
[Date "2018.09.09"]
[Round "5.4"]
[White "Blazic, Ivica"]
[Black "Milic, Slobodan"]
[Result "0-1"]
[WhiteElo "2036"]
[BlackElo "1927"]
[PlyCount "35"]
[EventDate "2018.09.07"]
[WhiteTeam "KURSUMLIJA - Kursumlija"]
[BlackTeam "RADNIK - Surdulica"]

1. e4 c5 2. c3 d6 3. d4 cxd4 4. cxd4 Nf6 5. Nc3 g6 6. Nf3 Bg7 7. Bd3 Nc6 8. Be3
Bd7 9. Rc1 a6 10. O-O O-O 11. Qe2 Rc8 12. Rfd1 b5 13. e5 Ne8 14. Bb1 d5 15. Qd3
e6 16. a3 Na5 17. Nd2 Nc7 18. Bh6 0-1

[Event "Druga liga CS - Istok 2018"]
[Site "Nis"]
[Date "2018.09.09"]
[Round "5.5"]
[White "Livaja, Mario"]
[Black "Trickovic, Borivoje"]
[Result "1-0"]
[WhiteElo "2279"]
[BlackElo "2239"]
[PlyCount "70"]
[EventDate "2018.09.07"]
[WhiteTeam "NAIS - Nis"]
[BlackTeam "CAST I SLAVA - Pirot"]

1. d4 d6 2. e4 g6 3. Bc4 Bg7 4. Nc3 c6 5. Qf3 e6 6. Nge2 h6 7. Be3 Ne7 8. g4 d5
9. Bb3 b6 10. O-O-O Nd7 11. Qg3 Nf6 12. f3 a5 13. a4 Ba6 14. Rhe1 Qd7 15. Nf4
O-O 16. h4 Ne8 17. h5 g5 18. Nh3 Qc7 19. Qg1 f5 20. f4 fxe4 21. fxg5 Rf3 22.
gxh6 Bxh6 23. Bxh6 Rxh3 24. Qf2 Ng7 25. Qf6 Nc8 26. Bxg7 Rf3 27. Qxe6+ Kxg7 28.
g5 Qd6 29. h6+ Kh8 30. Qe8+ Rf8 31. Qh5 Ne7 32. Rg1 Ng6 33. Kb1 Rf2 34. Rde1
Raf8 35. Ka2 Rh2 1-0

[Event "Druga liga CS - Istok 2018"]
[Site "Nis"]
[Date "2018.09.09"]
[Round "5.5"]
[White "Stanojevic, Ilija **"]
[Black "Zivkovic, Marko"]
[Result "0-1"]
[WhiteElo "2139"]
[BlackElo "2275"]
[PlyCount "39"]
[EventDate "2018.09.07"]
[WhiteTeam "CAST I SLAVA - Pirot"]
[BlackTeam "NAIS - Nis"]

1. c4 e5 2. Nc3 Nf6 3. e3 Bb4 4. g4 Bxc3 5. bxc3 d6 6. h3 Nc6 7. d4 O-O 8. Ne2
Qe8 9. Bg2 g6 10. Ng3 h6 11. e4 Kg7 12. f4 b6 13. O-O Ng8 14. f5 Ba6 15. g5
Bxc4 16. d5 Bxf1 17. Qxf1 Na5 18. f6+ Kh7 19. Qe2 Nxf6 20. gxf6 0-1

[Event "Druga liga CS - Istok 2018"]
[Site "Nis"]
[Date "2018.09.09"]
[Round "5.5"]
[White "Kulak, Dejan"]
[Black "Tonic, Milos"]
[Result "0-1"]
[WhiteElo "2180"]
[BlackElo "2137"]
[PlyCount "120"]
[EventDate "2018.09.07"]
[WhiteTeam "NAIS - Nis"]
[BlackTeam "CAST I SLAVA - Pirot"]

1. e4 c6 2. d4 d5 3. Nd2 dxe4 4. Nxe4 Bf5 5. Ng3 Bg6 6. h4 h6 7. h5 Bh7 8. Nf3
Nd7 9. Bd3 Bxd3 10. Qxd3 e6 11. Bf4 Qa5+ 12. Bd2 Qc7 13. O-O-O Ngf6 14. c4 Bd6
15. Ne4 Nxe4 16. Qxe4 Nf6 17. Qe2 O-O 18. Bc3 b5 19. c5 Bf4+ 20. Kb1 Qe7 21.
Ba5 Rae8 22. Rde1 Nd5 23. Rhg1 b4 24. g3 Bb8 25. Qe4 Qb7 26. Qd3 Re7 27. Re2
Qc8 28. Nd2 Rb7 29. Nb3 Rb5 30. f4 Qa6 31. Qe4 Rxa5 32. Nxa5 Qxa5 33. Rf2 Qb5
34. g4 Bxf4 35. Rxf4 Nc3+ 36. bxc3 bxc3+ 37. Kc2 Qb2+ 38. Kd3 Qd2+ 39. Kc4
Qxa2+ 40. Kxc3 Rb8 41. Qc2 Qa3+ 42. Kd2 Rb2 43. Rgf1 Qa2 44. Qxb2 Qxb2+ 45. Kd3
Qb3+ 46. Kd2 f6 47. R4f3 Qb2+ 48. Kd3 a5 49. Re1 a4 50. Re2 Qb5+ 51. Ke3 e5 52.
dxe5 Qxc5+ 53. Kd3 Qd5+ 54. Ke3 a3 55. exf6 gxf6 56. Rff2 Qb3+ 57. Kf4 Kf7 58.
Rd2 c5 59. Rfe2 Qb5 60. Rc2 c4 0-1

[Event "Druga liga CS - Istok 2018"]
[Site "Nis"]
[Date "2018.09.09"]
[Round "5.5"]
[White "Petrov, Georgi"]
[Black "Zivic, Dragan"]
[Result "1/2-1/2"]
[WhiteElo "2174"]
[BlackElo "2175"]
[PlyCount "61"]
[EventDate "2018.09.07"]
[WhiteTeam "CAST I SLAVA - Pirot"]
[BlackTeam "NAIS - Nis"]

1. Nf3 c5 2. c4 Nf6 3. g3 b6 4. Bg2 Bb7 5. O-O e6 6. Nc3 Be7 7. d4 cxd4 8. Qxd4
O-O 9. Rd1 d6 10. Bg5 Nc6 11. Qd2 Na5 12. b3 Qb8 13. Rac1 Rd8 14. Qe3 h6 15.
Bxf6 Bxf6 16. Rc2 Rd7 17. Rcd2 Qf8 18. Bh3 Rad8 19. Ne4 Be7 20. Ne5 Rc7 21. Nd3
d5 22. Qf4 dxe4 23. Qxc7 exd3 24. Rxd3 Rc8 25. Qf4 Bg5 26. Qd4 Nc6 27. Qd7 Ba8
28. Rd6 Be7 29. R6d2 Bg5 30. Rd6 Be7 31. R6d2 1/2-1/2

[Event "Druga liga CS - Istok 2018"]
[Site "Nis"]
[Date "2018.09.09"]
[Round "5.5"]
[White "Djordjevic, Dejan N"]
[Black "Mincic, Srbislav"]
[Result "1/2-1/2"]
[WhiteElo "2182"]
[BlackElo "2159"]
[PlyCount "40"]
[EventDate "2018.09.07"]
[WhiteTeam "NAIS - Nis"]
[BlackTeam "CAST I SLAVA - Pirot"]

1. e4 e5 2. Bc4 Nf6 3. d3 c6 4. Bb3 d5 5. Qe2 dxe4 6. dxe4 Be7 7. Nf3 O-O 8.
O-O Qc7 9. Re1 Bg4 10. Nbd2 Nbd7 11. h3 Bxf3 12. Qxf3 Nc5 13. Bc4 b5 14. Bf1
Rad8 15. Nb3 Ne6 16. a4 a6 17. axb5 axb5 18. Bd2 Ra8 19. Qe3 Ra4 20. Bd3 Rfa8
1/2-1/2

[Event "Druga liga CS - Istok 2018"]
[Site "Nis"]
[Date "2018.09.09"]
[Round "5.5"]
[White "Dimitrijevic, Dusan"]
[Black "Lazarevic, Slobodan"]
[Result "1-0"]
[WhiteElo "2065"]
[BlackElo "2240"]
[PlyCount "87"]
[EventDate "2018.09.07"]
[WhiteTeam "CAST I SLAVA - Pirot"]
[BlackTeam "NAIS - Nis"]

1. d4 Nf6 2. c4 e6 3. Nc3 Bb4 4. e3 Nc6 5. Nf3 O-O 6. Bd3 d5 7. O-O a6 8. a3
dxc4 9. Bxc4 Bd6 10. e4 e5 11. d5 Ne7 12. Bg5 Ng6 13. h3 h6 14. Be3 Bd7 15. b4
Qe7 16. Qb3 b6 17. Rab1 Kh7 18. a4 a5 19. b5 Rg8 20. Bd3 Be8 21. Nd2 Nd7 22.
Qc2 Nc5 23. Nb3 Nxb3 24. Rxb3 Nf8 25. f4 Nd7 26. Ne2 f6 27. Ng3 Bc5 28. Nf5
Bxe3+ 29. Nxe3 Nc5 30. Rc3 g6 31. Nc4 Rb8 32. Nxa5 exf4 33. Nb3 Nxb3 34. Rxc7
Bd7 35. Qxb3 Rg7 36. Qc3 Qe5 37. Qxe5 fxe5 38. Rfc1 Be8 39. Rc8 Rgb7 40. R1c7+
Rxc7 41. Rxb8 Bd7 42. Rxb6 Kg7 43. a5 Kf7 44. a6 1-0

[Event "Druga liga CS - Istok 2018"]
[Site "Nis"]
[Date "2018.09.09"]
[Round "5.5"]
[White "Stankovic, Dejan"]
[Black "Najdanovic, Veljko **"]
[Result "1-0"]
[WhiteElo "2156"]
[BlackElo "1719"]
[PlyCount "45"]
[EventDate "2018.09.07"]
[WhiteTeam "NAIS - Nis"]
[BlackTeam "CAST I SLAVA - Pirot"]

1. e4 g6 2. d4 Bg7 3. Nc3 d6 4. f4 Nf6 5. Nf3 O-O 6. Bd3 a6 7. O-O Nbd7 8. e5
Ne8 9. e6 fxe6 10. Qe1 Nb6 11. Ne4 Nd5 12. Neg5 Nxf4 13. Bxf4 Rxf4 14. Nxe6
Bxe6 15. Qxe6+ Kh8 16. Ng5 Bxd4+ 17. Kh1 Rxf1+ 18. Rxf1 Qc8 19. Rf8+ Kg7 20.
Qxe7+ Kh6 21. Qxh7+ Kxg5 22. Qxg6+ Kh4 23. Rf4+ 1-0

[Event "Druga liga CS - Istok 2018"]
[Site "Nis"]
[Date "2018.09.09"]
[Round "5.5"]
[White "Djelic, Jovan **"]
[Black "Ciric, Pavle **"]
[Result "0-1"]
[WhiteElo "1448"]
[BlackElo "1823"]
[PlyCount "47"]
[EventDate "2018.09.07"]
[WhiteTeam "CAST I SLAVA - Pirot"]
[BlackTeam "NAIS - Nis"]

1. d4 e6 2. Bf4 f5 3. Nf3 Nf6 4. e3 Be7 5. h3 O-O 6. Nbd2 d6 7. Be2 Ne4 8. Nxe4
fxe4 9. Nd2 d5 10. c4 Bd6 11. Bxd6 Qxd6 12. Qb3 Kh8 13. Rc1 c6 14. O-O Nd7 15.
Nb1 Nf6 16. Nc3 b6 17. cxd5 exd5 18. Na4 Bd7 19. Rc2 Ng8 20. Rfc1 Qg6 21. Kf1
Rf6 22. Rb1 Raf8 23. Ba6 Qg3 24. Rd2 0-1

[Event "Druga liga CS - Istok 2018"]
[Site "Nis"]
[Date "2018.09.09"]
[Round "5.6"]
[White "Vlahovic, Bogdan"]
[Black "Djukic, Zeljko"]
[Result "1/2-1/2"]
[WhiteElo "2308"]
[BlackElo "2304"]
[PlyCount "30"]
[EventDate "2018.09.07"]
[WhiteTeam "GLUBOCICA - Leskovac"]
[BlackTeam "SVITANJA - Nis"]

1. Nf3 Nf6 2. b3 g6 3. Bb2 Bg7 4. g3 O-O 5. Bg2 d5 6. c4 b6 7. cxd5 Bb7 8. Bxf6
Bxf6 9. Nc3 Bxd5 10. Nxd5 Qxd5 11. Rc1 c6 12. O-O Nd7 13. Ne1 Qe5 14. Bxc6 Rad8
15. Rc2 h5 1/2-1/2

[Event "Druga liga CS - Istok 2018"]
[Site "Nis"]
[Date "2018.09.09"]
[Round "5.6"]
[White "Rihterovic, Milan"]
[Black "Zivkovic, Nemanja"]
[Result "1-0"]
[WhiteElo "2263"]
[BlackElo "2293"]
[PlyCount "85"]
[EventDate "2018.09.07"]
[WhiteTeam "SVITANJA - Nis"]
[BlackTeam "GLUBOCICA - Leskovac"]

1. d4 Nf6 2. Nf3 e6 3. Bg5 h6 4. Bh4 g5 5. Bg3 d6 6. e3 Nh5 7. Bd3 Bg7 8. Nbd2
Nc6 9. c3 Bd7 10. Ng1 Nxg3 11. hxg3 Qe7 12. g4 O-O-O 13. Ne2 f5 14. gxf5 exf5
15. Qc2 Qf7 16. O-O-O Ne7 17. Kb1 Be6 18. b3 Nd5 19. Nc4 Rhf8 20. Qd2 Qd7 21.
Nb2 Kb8 22. Rc1 c5 23. Nc4 b5 24. Na5 Qc7 25. b4 c4 26. Bc2 Ne7 27. a4 a6 28.
axb5 axb5 29. Kb2 d5 30. Ra1 Nc8 31. Ng3 Rf7 32. Qe2 Qd6 33. Ra2 Bd7 34. Rha1
f4 35. Nh5 Re8 36. Nxg7 Rxg7 37. e4 dxe4 38. Bxe4 Rge7 39. f3 Bf5 40. Nxc4 bxc4
41. Ra8+ Kc7 42. Qxc4+ Kd8 43. Bxf5 1-0

[Event "Druga liga CS - Istok 2018"]
[Site "Nis"]
[Date "2018.09.09"]
[Round "5.6"]
[White "Milosevic, Aleksandar"]
[Black "Milosevic, Slavisa"]
[Result "1-0"]
[WhiteElo "2246"]
[BlackElo "2237"]
[PlyCount "64"]
[EventDate "2018.09.07"]
[WhiteTeam "GLUBOCICA - Leskovac"]
[BlackTeam "SVITANJA - Nis"]

1. Nf3 b5 2. d4 Bb7 3. Bg5 Nf6 4. Bxf6 gxf6 5. e3 b4 6. c4 bxc3 7. Nxc3 e6 8.
Rc1 d6 9. g3 Nd7 10. Bg2 Rb8 11. e4 c5 12. d5 Ba6 13. Rc2 Qe7 14. Bf1 Bb7 15.
Be2 a6 16. O-O Nb6 17. Nh4 Rg8 18. Bh5 Kd8 19. Ng2 Bh6 20. Qd3 Rg5 21. Bd1 exd5
22. exd5 Nxd5 23. Nxd5 Bxd5 24. Bf3 Bxf3 25. Qxf3 Re5 26. Qd3 f5 27. Qxa6 Qc7
28. Rd1 Ke7 29. Qd3 Rb4 30. Qf3 Qb7 31. Qh5 Qe4 32. Qxh6 Qxc2 1-0

[Event "Druga liga CS - Istok 2018"]
[Site "Nis"]
[Date "2018.09.09"]
[Round "5.6"]
[White "Stankovic, Ivan G"]
[Black "Djordjevic, Danilo"]
[Result "1-0"]
[WhiteElo "2257"]
[BlackElo "2082"]
[PlyCount "115"]
[EventDate "2018.09.07"]
[WhiteTeam "GLUBOCICA - Leskovac"]
[BlackTeam "SVITANJA - Nis"]

1. Nf3 Nf6 2. b3 d6 3. d4 Bg4 4. e3 Nbd7 5. Bb2 c6 6. Be2 Qc7 7. c4 e5 8. Nc3
Be7 9. Rc1 O-O 10. O-O Rad8 11. b4 Qb8 12. Qc2 Rfe8 13. Rfd1 Bf8 14. b5 e4 15.
Nd2 Bf5 16. a4 g6 17. a5 c5 18. Nd5 Bg7 19. Nb3 b6 20. axb6 axb6 21. Ra1 Qb7
22. Nxf6+ Nxf6 23. Ra6 h5 24. Rda1 Nd7 25. Ra7 Qc8 26. R1a6 Qb8 27. Bc3 Nf8 28.
Qd2 Ne6 29. Qb2 Nc7 30. Ra1 Re7 31. Bf1 Red7 32. Nc1 d5 33. Nb3 Rc8 34. R7a4
dxc4 35. Bxc4 Be6 36. dxc5 Bxc4 37. Bxg7 Bxb3 38. Bh6 Ne6 39. Qxb3 Kh7 40. Bf4
Nxc5 41. Qa2 Rcd8 42. h4 Qc8 43. Rd4 Kg8 44. Be5 Rxd4 45. Bxd4 Qf5 46. Qc2 Re8
47. Rc1 Re7 48. Qe2 Qd5 49. Ba1 Rd7 50. Qb2 Kf8 51. Qh8+ Ke7 52. Bf6+ Ke6 53.
Bg5 Qe5 54. Qe8+ Kf5 55. Qc8 Qe6 56. Kh2 Rd2 57. Qb8 f6 58. Qf4# 1-0

[Event "Druga liga CS - Istok 2018"]
[Site "Nis"]
[Date "2018.09.09"]
[Round "5.6"]
[White "Djukic, Nebojsa"]
[Black "Komnenic, Branko"]
[Result "1/2-1/2"]
[WhiteElo "2173"]
[BlackElo "2228"]
[PlyCount "50"]
[EventDate "2018.09.07"]
[WhiteTeam "SVITANJA - Nis"]
[BlackTeam "GLUBOCICA - Leskovac"]

1. e4 c5 2. c4 Nc6 3. Ne2 g6 4. d4 cxd4 5. Nxd4 Bg7 6. Be3 d6 7. Nc3 Nf6 8. Be2
O-O 9. O-O Bd7 10. Qd2 Nxd4 11. Bxd4 Bc6 12. f3 a5 13. b3 Nd7 14. Be3 f5 15.
Bd3 f4 16. Bf2 Be5 17. Rac1 g5 18. Ne2 e6 19. Nd4 Qe7 20. Kh1 h5 21. a3 Nc5 22.
Nxc6 bxc6 23. Bc2 a4 24. bxa4 Nxa4 25. Bxa4 Rxa4 1/2-1/2

[Event "Druga liga CS - Istok 2018"]
[Site "Nis"]
[Date "2018.09.09"]
[Round "5.6"]
[White "Krstic, Ranko"]
[Black "Ristic, Boban"]
[Result "1/2-1/2"]
[WhiteElo "2176"]
[BlackElo "2019"]
[PlyCount "20"]
[EventDate "2018.09.07"]
[WhiteTeam "GLUBOCICA - Leskovac"]
[BlackTeam "SVITANJA - Nis"]

1. c4 d6 2. d4 e5 3. Nf3 e4 4. Ng5 f5 5. Nc3 Be7 6. Nh3 c6 7. e3 Nf6 8. Be2 O-O
9. O-O Na6 10. a3 Nc7 1/2-1/2

[Event "Druga liga CS - Istok 2018"]
[Site "Nis"]
[Date "2018.09.09"]
[Round "5.6"]
[White "Simic, Anja **"]
[Black "Micovic, Nikola **"]
[Result "1/2-1/2"]
[WhiteElo "1813"]
[BlackElo "1868"]
[PlyCount "27"]
[EventDate "2018.09.07"]
[WhiteTeam "SVITANJA - Nis"]
[BlackTeam "GLUBOCICA - Leskovac"]

1. d4 d5 2. c4 c6 3. Nf3 Nf6 4. Nbd2 e6 5. e3 Bb4 6. Bd3 O-O 7. O-O Nbd7 8. a3
Bd6 9. e4 dxe4 10. Nxe4 Nxe4 11. Bxe4 f5 12. Bc2 h6 13. b3 Nf6 14. Bb2 1/2-1/2

[Event "Druga liga CS - Istok 2018 grupa sever"]
[Site ""]
[Date "2018.09.09"]
[Round "5.11"]
[White "Maksimovic, Bojan"]
[Black "Jovic, Stanoje"]
[Result "1/2-1/2"]
[WhiteElo "2256"]
[BlackElo "2273"]
[PlyCount "0"]
[WhiteTeam "POZAREVACKI SK -Pozarevac"]
[BlackTeam "RADNICKI - Cuprija"]
[EventDate "2018.09.07"]

1.e4 c6 2.d4 d5 3.Nd2 dxe4 4.Nxe4 Bf5 5.Ng3 Bg6 6.h4 h6 7.Nf3
Nd7 8.h5 Bh7 9.Bd3 Bxd3 10.Qxd3 Ngf6 11.Bd2 e6 12.O-O-O Be7 13.Kb1
O-O 14.Ne4 Nxe4 15.Qxe4 Nf6 16.Qe2 Qd5 17.Bc1 Qe4 18.Qxe4 Nxe4
19.Be3 f5 20.Nd2 Nxd2+ 21.Bxd2 Rad8 22.Bf4 c5 23.dxc5 Bxc5 24.f3
Bd4 25.c3 Bf6 26.Kc2 e5 27.Be3 a6 28.Bb6 Rde8 29.Rhe1 Re6 30.Bf2
Rfe8 31.Re2 e4 32.Rde1 Bg5 33.fxe4 fxe4 34.Be3 Bxe3 35.Rxe3 Re5
36.g4 R8e6 37.Rf1 Rf6 38.Rxf6 gxf6 39.c4 Kf7 40.Kc3 f5 41.gxf5
Rxf5 42.Rxe4 Rxh5 43.Rd4 Ke7 44.Re4+ Kf7 45.b4 Rg5 46.Rd4 Rg3+
47.Kc2 Ke7 48.Re4+ Kf7 49.Rd4 Ke7 50.Re4+ Kf7 1/2-1/2

[Event "Druga liga CS - Istok 2018 grupa sever"]
[Site ""]
[Date "2018.09.09"]
[Round "5.12"]
[White "Milenkovic, Ivan"]
[Black "Rajkovic, Aleksandar"]
[Result "1/2-1/2"]
[WhiteElo "2255"]
[BlackElo "2171"]
[PlyCount "0"]
[WhiteTeam "RADNICKI - Cuprija"]
[BlackTeam "POZAREVACKI SK -Pozarevac"]
[EventDate "2018.09.07"]

1.d4 Nf6 2.c4 g6 3.Nc3 Bg7 4.e4 d6 5.f3 c5 6.dxc5 dxc5 7.Qxd8+
Kxd8 8.Be3 Nfd7 9.f4 Bxc3+ 10.bxc3 Nc6 11.Nf3 b6 12.e5 Nf8 13.Ng5
Ke8 14.Be2 Ba6 15.Ne4 Na5 16.Nd2 h5 17.O-O Nd7 18.g3 Rd8 19.h3
e6 20.Ne4 Nb8 21.Rad1 Bxc4 22.Bxc4 Nxc4 23.Bc1 Rxd1 24.Rxd1 Kf8
25.f5 Nc6 26.f6 Ke8 27.Bf4 Nb8 28.Kf2 Nd7 29.Ke2 Kd8 30.Ng5 Rf8
31.Nh7 Rh8 32.Ng5 Rf8 33.Nh7 1/2-1/2

[Event "Druga liga CS - Istok 2018 grupa sever"]
[Site ""]
[Date "2018.09.09"]
[Round "5.13"]
[White "Rajkovic, Ljubisa"]
[Black "Gajovic, Dragan"]
[Result "1/2-1/2"]
[WhiteElo "2092"]
[BlackElo "2140"]
[PlyCount "0"]
[WhiteTeam "POZAREVACKI SK -Pozarevac"]
[BlackTeam "RADNICKI - Cuprija"]
[EventDate "2018.09.07"]

1.e4 Nf6 2.e5 Nd5 3.d4 d6 4.Nf3 Bf5 5.a3 e6 6.c4 Nb6 7.exd6 cxd6
8.Be2 Be7 9.O-O O-O 10.b3 Nc6 11.Be3 Bf6 12.Qd2 Qe7 13.Rd1 Rfd8
14.h3 h6 15.a4 e5 16.d5 e4 17.Nd4 Nxd4 18.Bxd4 Bxd4 19.Qxd4 Nd7
20.Qe3 a5 21.Na3 Nc5 22.Nb5 Bd7 23.Nd4 Re8 24.Rab1 f5 25.f4 exf3
26.Qxe7 Rxe7 27.Bxf3 Rae8 28.Bh5 Rf8 29.Re1 Re5 30.Re2 Rxe2 31.Bxe2
Re8 32.Bh5 Re4 33.Rd1 Re3 34.Bg6 f4 35.Rf1 Rg3 36.Bf5 g5 37.Bxd7
Nxd7 38.Rf3 Rxf3 39.gxf3 Nc5 40.Nf5 Nxb3 41.Nxd6 Nc5 42.Kf1 Kg7
43.Ke2 Kg6 44.Kd2 Kh5 45.Kc3 Nxa4+ 46.Kd4 b6 47.Ne4 Kg6 48.d6
Kf7 49.Kd5 Ke8 50.Kc6 Kd8 51.Kb5 Nc5 52.Nc3 Nd7 53.Nd5 h5 54.Nc7
Ne5 55.Ne6+ Kd7 56.Nxg5 Kxd6 57.Ne4+ Ke6 58.Ng5+ Kf5 59.h4 a4
60.Kxa4 Nxc4 61.Kb5 Ne5 62.Kxb6 Nxf3 63.Nxf3 Kg4 64.Nd2 Kxh4
65.Kc5 Kg3 66.Kd4 f3 67.Ke3 f2 68.Ne4+ Kg2 69.Nxf2 1/2-1/2

[Event "Druga liga CS - Istok 2018 grupa sever"]
[Site ""]
[Date "2018.09.09"]
[Round "5.14"]
[White "Golubovic, Marko"]
[Black "Zivanovic, Zoran M"]
[Result "0-1"]
[WhiteElo "1994"]
[BlackElo "2049"]
[PlyCount "0"]
[WhiteTeam "RADNICKI - Cuprija"]
[BlackTeam "POZAREVACKI SK -Pozarevac"]
[EventDate "2018.09.07"]

1.e4 e5 2.Nf3 Nc6 3.Bc4 Bc5 4.c3 Nf6 5.d4 exd4 6.cxd4 Bb4+ 7.Nc3
Nxe4 8.O-O Bxc3 9.d5 Bf6 10.Re1 Ne7 11.Rxe4 d6 12.Bg5 Bxg5 13.Nxg5
Bf5 14.Qf3 Qd7 15.Rf4 O-O 16.Re1 h6 17.Ne4 Bxe4 18.Rfxe4 Ng6
19.Qe2 a6 20.Bd3 Ne5 21.Bb1 c5 22.Qc2 f5 23.R4e3 Rae8 24.f4 Ng6
25.g3 Rxe3 26.Rxe3 Ne7 27.a4 b5 28.Qd3 c4 29.Qd4 Rf6 30.Re1 Qb7
31.Rd1 Kh8 32.Bc2 Rf8 33.g4 fxg4 34.Qe4 Nf5 35.axb5 axb5 36.Ra1
Qb6+ 37.Kh1 Qf2 38.Qxf5 Rxf5 39.Bxf5 g6 40.Be6 0-1

[Event "Druga liga CS - Istok 2018 grupa sever"]
[Site ""]
[Date "2018.09.09"]
[Round "5.15"]
[White "Nikolic, Dejan"]
[Black "Mijajlovic, Jovan"]
[Result "1-0"]
[WhiteElo "1861"]
[BlackElo "1959"]
[PlyCount "0"]
[WhiteTeam "POZAREVACKI SK -Pozarevac"]
[BlackTeam "RADNICKI - Cuprija"]
[EventDate "2018.09.07"]

1.d4 Nf6 2.c4 c5 3.e3 g6 4.Nc3 Bg7 5.Nf3 O-O 6.Be2 cxd4 7.exd4
d5 8.h3 Nc6 9.O-O dxc4 10.Bxc4 Ne8 11.Be3 Nd6 12.Bb3 Na5 13.d5
b6 14.Re1 Nf5 15.Bd4 Nxd4 16.Nxd4 Bxd4 17.Qxd4 Nxb3 18.axb3 Bb7
19.Rad1 Qd7 20.Re3 Rad8 21.Qe5 Rfe8 22.Rd4 Qd6 23.Qg5 Qf6 24.Qg4
h5 25.Qd1 Rd7 26.Ne4 Qf5 27.g4 hxg4 28.hxg4 Qf4 29.Nc5 Qxd4 30.Qxd4
Rxd5 31.Qa4 Rd1+ 32.Kh2 Rh1+ 33.Kg3 Rg1+ 34.Kh4 g5+ 35.Kxg5 f6+
36.Kg6 b5 37.Qd4 e5 38.Nxb7 Kh8 39.Rh3+ Kg8 40.Qd5+ 1-0